000 00735nam a2200181Ia 4500
008 100921s9999 xx 000 0 und d
082 _b27803
_a808.2 थ 96
100 _aघारे दीपक.
245 _aघाशीराम एक वादळ.
260 _bग्रंथाली प्रकाशन, मुंबई.
_c1996
300 _a151
_bरसिक साहित्य,पुणे
365 _b100
520 _aललित-नाटकशास्त्र,समीक्षा.
630 _aघाशीराम एक वादळ.
650 _aललित-नाटकशास्त्र,समीक्षा.
730 _aघाशीराम एक वादळ.
942 _cBOOK
999 _c776916
_d776913